| 000 | 00493nam a2200157Ia 4500 | ||
|---|---|---|---|
| 008 | 210716s2009 xx 000 0 und d | ||
| 020 | _a9788131509890 | ||
| 041 | _aeng | ||
| 082 | _a005.41 GHOS | ||
| 100 | _aGhoshal, Subrata. | ||
| 245 |
_aEmbedded systems and robots: projects using the 8051 microcontroller. _bProjects using the 8051 microcontroller. |
||
| 250 | _a1 | ||
| 260 |
_aNew Delhi _bCengage Learning India Pvt Ltd _c2009 |
||
| 300 | _axii,471 | ||
| 650 | _aEmbedded Programming | ||
| 999 |
_c189762 _d189762 |
||